| 000 | 00339nam a22001217a 4500 | ||
|---|---|---|---|
| 082 | _a330.124 HOR | ||
| 100 | _aHORVAT, Branko | ||
| 245 | _aTowards a Theory of Planned Economy | ||
| 260 |
_aBeograd _bYugoslav Institute of Economic Research _c1964 |
||
| 300 |
_a243p. _bill.; 25cm. |
||
| 500 | _aIncludes reference and Index | ||
| 942 | _cBK | ||
| 999 |
_c14200 _d14200 |
||